Dụng nhân

Quyển sách đề cập về cách nhìn nhận giá trị con người. Đặc biệt là vai trò của người lãnh đạo. " Dụng nhân" không chỉ là một khoa học mà còn là cả một nghệ thuật

Gorde:
Xehetasun bibliografikoak
Egile nagusia: Hoàng, Xuân Việt
Formatua: Liburua
Hizkuntza:Undetermined
Argitaratua: Hà Nội Văn hóa Thông tin 2006
Gaiak:
Etiketak: Etiketa erantsi
Etiketarik gabe, Izan zaitez lehena erregistro honi etiketa jartzen!
Thư viện lưu trữ: Trung tâm Học liệu Trường Đại học Cần Thơ
LEADER 00788nam a2200205Ia 4500
001 CTU_112877
008 210402s9999 xx 000 0 und d
020 |c 45000 
082 |a 658.3 
082 |b V308 
100 |a Hoàng, Xuân Việt 
245 0 |a Dụng nhân 
245 0 |c Hoàng Xuân Việt 
260 |a Hà Nội 
260 |b Văn hóa Thông tin 
260 |c 2006 
520 |a Quyển sách đề cập về cách nhìn nhận giá trị con người. Đặc biệt là vai trò của người lãnh đạo. " Dụng nhân" không chỉ là một khoa học mà còn là cả một nghệ thuật 
650 |a Personnel management 
904 |i Năm 
980 |a Trung tâm Học liệu Trường Đại học Cần Thơ